000
00266nam a22001217a 4500
003
SGT
082
_a
614
_b
A19R
100
_a
REDHU, ANIL
245
_a
A STUDY ON EVALUATION OF PERFORMANCE
260
_a
SGTU
_c
2019
650
_a
COMMUNITY MEDICINE
942
_2
ddc
_c
TH
999
_c
20552
_d
20552